000 00240nam a2200097Ia 4500
001 715195
005 20250826162920.0
008 250824s9999 xx 000 0 und d
245 0 _aŞAİRLER ŞEHRİ
_cBUKET UZUNER
260 _bEVEREST YAYINLARI
999 _c715195
_d715195